000 00809nam a2200205Ii 4500
003 JO-AjNU
008 230605s9999||||xx |||||||||||||| ||und||
040 _aJO-AjNU
_bara
_erda
_cJO-AjNU
041 _aara
050 1 4 _aHF5549.T359 2018
100 3 _aالطائي، يوسق حجيم ، م.مشارك هاشم فوزي العبادي ,
_eauthor
_958015
245 0 0 _aادارة الموارد البشريه: قضايا معاصره في الفكر الاداري
250 _aط1
264 3 1 _aعمان: دار صفاء للنشر والتوزيع، 2018
300 _a416ص
336 _atext
_btxt
_2rdacontent
337 _aunmediated
_bn
_2rdamedia
338 _avolume
_bnc
_2rdacarrier
650 4 _aالموارد البشريه - قضايا معاصره في الفكر الاداري
_958016
999 _aA26031
_c29599
_d29599